[Event "FIDE WY-U16 Olympiad 2022"]
[Site "Nakhchivan"]
[Date "2022.10.07"]
[Round "6.37"]
[White "Abdel Raouf, Zyad"]
[Black "Soojay, Jorah"]
[Result "1/2-1/2"]
[WhiteElo "1609"]
[BlackElo "1644"]
[Annotator "NA RC COMBH"]
[PlyCount "60"]
[EventDate "2022.10.02"]
[EventType "team-tourn"]
[EventCountry "AZE"]
[SourceTitle "playchess.com"]
[Source "ChessBase"]
[SourceQuality "1"]
[WhiteTeam "Egypt"]
[BlackTeam "South Africa"]
[WhiteTeamCountry "EGY"]
[BlackTeamCountry "RSA"]

1. e4 e6 2. d4 d5 3. exd5 exd5 4. Nf3 Bd6 5. Bd3 Nf6 6. Qe2+ Be7 7. Bf4 O-O 8. O-O Re8 9. Qd2 Nc6 10. Bb5 Ne4 11. Qc1 Bd6 12. Bxc6 bxc6 13. Ne5 g5 14. f3 gxf4 15. fxe4 Bxe5 16. dxe5 dxe4 17. Qxf4 Qd4+ 18. Kh1 Qxe5 19. Qxf7+ Kh8 20. Qf6+ Qxf6 21. Rxf6 Ba6 22. Nc3 e3 23. Re1 Rf8 24. Rxf8+ Rxf8 25. Kg1 Rf2 26. g3 Rf3 27. Kg2 Rf2+ 28. Kg1 Rf3 29. Kg2 Rf2+ 30. Kg1 Rf3 1/2-1/2

[Event "FIDE WY-U16 Olympiad 2022"]
[Site "Nakhchivan"]
[Date "2022.10.07"]
[Round "6.38"]
[White "Chang, Sebastian"]
[Black "Fahmi, Adham"]
[Result "0-1"]
[WhiteElo "1430"]
[BlackElo "1288"]
[Annotator "NA RC COMBH"]
[PlyCount "44"]
[EventDate "2022.10.02"]
[EventType "team-tourn"]
[EventCountry "AZE"]
[SourceTitle "playchess.com"]
[Source "ChessBase"]
[SourceQuality "1"]
[WhiteTeam "South Africa"]
[BlackTeam "Egypt"]
[WhiteTeamCountry "RSA"]
[BlackTeamCountry "EGY"]

1. e4 c5 2. Nf3 Nc6 3. d4 cxd4 4. Nxd4 e5 5. Nb5 d6 6. N1c3 a6 7. Na3 Nf6 8. Bg5 Be7 9. Qd2 b5 10. Bxf6 Bxf6 11. Nd5 O-O 12. Nxf6+ Qxf6 13. O-O-O Rd8 14. c3 Be6 15. Kb1 d5 16. exd5 Rxd5 17. Qe1 Rxd1+ 18. Qxd1 Qxf2 19. Qe2 Bf5+ 20. Nc2 Rd8 21. Kc1 Bg4 22. Qxg4 Qd2+ 0-1

[Event "FIDE WY-U16 Olympiad 2022"]
[Site "Nakhchivan"]
[Date "2022.10.07"]
[Round "6.39"]
[White "Mohamed Mostafa, Omar"]
[Black "Wang, Pei-Shan"]
[Result "0-1"]
[WhiteElo "1503"]
[BlackElo "1315"]
[Annotator "NA RC COMBH"]
[PlyCount "80"]
[EventDate "2022.10.02"]
[EventType "team-tourn"]
[EventCountry "AZE"]
[SourceTitle "playchess.com"]
[Source "ChessBase"]
[SourceQuality "1"]
[WhiteTeam "Egypt"]
[BlackTeam "South Africa"]
[WhiteTeamCountry "EGY"]
[BlackTeamCountry "RSA"]

1. Nf3 d5 2. g3 c5 3. Bg2 Nc6 4. O-O e5 5. d3 Be7 6. e4 d4 7. a4 h5 8. h4 f6 9. c3 Be6 10. Na3 Nh6 11. cxd4 cxd4 12. Nh2 Ng4 13. Nxg4 hxg4 14. Bd2 Qd7 15. a5 Kf7 16. f4 gxf3 17. Qxf3 Rh7 18. Rfc1 Rah8 19. Nc4 Ke8 20. a6 b6 21. b4 Bd8 22. b5 Ne7 23. Bb4 Nc8 24. Rf1 Qxb5 25. Bd6 Bxc4 26. dxc4 Qxc4 27. Rfc1 Qe6 28. Bb4 g6 29. Kh2 Ne7 30. Bh3 Qf7 31. Qa3 f5 32. exf5 gxf5 33. Qa4+ Kf8 34. Bxf5 Rxh4+ 35. gxh4 Rxh4+ 36. Kg3 Rf4 37. Rc8 Qg7+ 38. Kh2 Rf2+ 39. Kh3 Qh6+ 40. Kg4 Qf4+ 0-1

[Event "FIDE WY-U16 Olympiad 2022"]
[Site "Nakhchivan"]
[Date "2022.10.08"]
[Round "7.1"]
[White "Kilic, Eray"]
[Black "Daneshvar, Bardiya"]
[Result "1/2-1/2"]
[WhiteElo "2428"]
[BlackElo "2515"]
[Annotator "TA"]
[PlyCount "65"]
[EventDate "2022.10.02"]
[EventType "team-tourn"]
[EventCountry "AZE"]
[SourceTitle "playchess.com"]
[Source "ChessBase"]
[SourceQuality "1"]
[WhiteTeam "Turkey"]
[BlackTeam "Iran"]
[WhiteTeamCountry "TUR"]
[BlackTeamCountry "IRI"]

1. e4 c6 2. Nc3 d5 3. Nf3 Bg4 4. h3 Bxf3 5. Qxf3 e6 6. d3 Nd7 7. g3 Ngf6 8. a3 d4 9. Nb1 h5 10. Bg2 h4 11. O-O hxg3 12. fxg3 Bd6 13. Bf4 Ne5 14. Qf2 Qe7 15. Nd2 Nfd7 16. b4 g5 17. Bxe5 Bxe5 18. Nc4 f6 19. Nxe5 fxe5 20. Qd2 O-O-O 21. Rf2 Rh7 22. Raf1 Rdh8 23. Qe2 Kc7 24. Qg4 a5 25. Rb1 Ra8 26. b5 Qxa3 27. Qxe6 Qe7 28. Qb3 a4 29. b6+ Kd6 30. Qa3+ Ke6 31. Qa2+ Kd6 32. Qa3+ Ke6 33. Qa2+ 1/2-1/2

[Event "FIDE WY-U16 Olympiad 2022"]
[Site "Nakhchivan"]
[Date "2022.10.08"]
[Round "7.1"]
[White "Montes Orozco, Miguel Angel"]
[Black "Azadaliyev, Jahandar"]
[Result "1/2-1/2"]
[WhiteElo "2051"]
[BlackElo "2304"]
[Annotator "TA"]
[PlyCount "119"]
[EventDate "2022.10.02"]
[EventType "team-tourn"]
[EventCountry "AZE"]
[SourceTitle "playchess.com"]
[Source "ChessBase"]
[SourceQuality "1"]
[WhiteTeam "Mexico"]
[BlackTeam "Azerbaijan"]
[WhiteTeamCountry "MEX"]
[BlackTeamCountry "AZE"]

1. d4 Nf6 2. c4 e6 3. g3 b6 4. Bg2 d5 5. Nf3 Bb7 6. O-O c6 7. Nc3 Nbd7 8. Nd2 Bb4 9. Qb3 Bxc3 10. Qxc3 O-O 11. e4 dxe4 12. Nxe4 Nxe4 13. Bxe4 Nf6 14. Bg2 Qe7 15. Re1 Rfd8 16. Be3 Rac8 17. Rad1 h6 18. Qc2 Rd7 19. Qa4 b5 20. cxb5 cxb5 21. Qxb5 Bxg2 22. Kxg2 Rb7 23. Qe2 Rbb8 24. Kg1 Nd5 25. Rc1 Qb4 26. Rxc8+ Rxc8 27. Rd1 Qc4 28. Qd2 Qxa2 29. Rc1 Rb8 30. Rc2 Qb1+ 31. Qc1 Qxc1+ 32. Bxc1 Rb3 33. Kf1 Kh7 34. Ke2 Kg6 35. Rc5 Kf5 36. f3 g5 37. h3 h5 38. Ra5 Rb7 39. g4+ Kg6 40. Kf2 h4 41. Ke2 f5 42. Kf2 fxg4 43. fxg4 Rb3 44. Kg2 Rg3+ 45. Kh2 Rd3 46. Ra6 Kf6 47. b4 Rc3 48. Ba3 Nc7 49. Ra5 Rc2+ 50. Kg1 Ra2 51. Bc1 Rxa5 52. bxa5 Nb5 53. Be3 a6 54. Kf2 Nd6 55. Bd2 Nc4 56. Ke2 e5 57. dxe5+ Nxe5 58. Bc3 Ke6 59. Bd2 Kf6 60. Bc3 1/2-1/2

[Event "FIDE WY-U16 Olympiad 2022"]
[Site "Nakhchivan"]
[Date "2022.10.08"]
[Round "7.2"]
[White "Ashraf, Artin"]
[Black "Celik, Hasan Huseyin"]
[Result "1/2-1/2"]
[WhiteElo "2379"]
[BlackElo "2323"]
[Annotator "TA"]
[PlyCount "89"]
[EventDate "2022.10.02"]
[EventType "team-tourn"]
[EventCountry "AZE"]
[SourceTitle "playchess.com"]
[Source "ChessBase"]
[SourceQuality "1"]
[WhiteTeam "Iran"]
[BlackTeam "Turkey"]
[WhiteTeamCountry "IRI"]
[BlackTeamCountry "TUR"]

1. Nf3 d5 2. c4 c6 3. g3 Nf6 4. Bg2 Bf5 5. O-O e6 6. cxd5 cxd5 7. Qb3 Qb6 8. Qxb6 axb6 9. Nc3 Nc6 10. d3 Bc5 11. Bd2 O-O 12. Nb5 Rfc8 13. Bc3 Ne8 14. Rfc1 Nd6 15. Nbd4 Nxd4 16. Nxd4 Bg4 17. Kf1 Nf5 18. Nb5 Nd6 19. a4 Nxb5 20. axb5 f6 21. d4 Bd6 22. e4 dxe4 23. Bxe4 Rxa1 24. Rxa1 Rb8 25. Ra7 Bf5 26. Bxf5 exf5 27. d5 Kf7 28. Ke2 Bc5 29. b4 Bd6 30. Bd4 Bc7 31. Kd3 Ke7 32. f3 h5 33. Kc4 Kd7 34. Be3 Kd6 35. Bc5+ Kd7 36. Be3 Kd6 37. Bc5+ Kd7 38. Bd4 Kd6 39. h3 Kd7 40. g4 fxg4 41. fxg4 hxg4 42. hxg4 Kd6 43. Bg1 Kd7 44. Bf2 Kd6 45. Be3 1/2-1/2

[Event "FIDE WY-U16 Olympiad 2022"]
[Site "Nakhchivan"]
[Date "2022.10.08"]
[Round "7.2"]
[White "Ahmad, Khagan"]
[Black "Paredes Guzman, Francisco Javier"]
[Result "0-1"]
[WhiteElo "2150"]
[BlackElo "2023"]
[Annotator "TA"]
[PlyCount "122"]
[EventDate "2022.10.02"]
[EventType "team-tourn"]
[EventCountry "AZE"]
[SourceTitle "playchess.com"]
[Source "ChessBase"]
[SourceQuality "1"]
[WhiteTeam "Azerbaijan"]
[BlackTeam "Mexico"]
[WhiteTeamCountry "AZE"]
[BlackTeamCountry "MEX"]

1. e4 c5 2. Nf3 d6 3. d4 cxd4 4. Nxd4 Nf6 5. Nc3 a6 6. Be3 e5 7. Nb3 Be7 8. f3 Be6 9. Qd2 O-O 10. O-O-O a5 11. Bb5 Na6 12. Kb1 Nc7 13. Bb6 Qb8 14. Bxc7 Qxc7 15. a4 Rfd8 16. Nd5 Nxd5 17. exd5 Bd7 18. Qd3 Rdc8 19. c4 Bxb5 20. cxb5 Qc4 21. Qxc4 Rxc4 22. Rc1 Rb4 23. Na1 Bd8 24. b3 Bb6 25. Rc3 Rd8 26. Rhc1 Kf8 27. Rc4 Rxc4 28. Rxc4 f5 29. b4 axb4 30. Nb3 Bg1 31. a5 Ke7 32. b6 Bc5 33. Kc2 Rc8 34. Kd3 h6 35. h4 g6 36. h5 g5 37. g4 e4+ 38. Ke2 Kf6 39. gxf5 exf3+ 40. Kxf3 Kxf5 41. Re4 Bxb6 42. Rxb4 g4+ 43. Ke2 Re8+ 44. Kf1 Be3 45. Rxb7 Kg5 46. Kg2 Kh4 47. Na1 Rc8 48. Rb4 Rc5 49. Re4 Rxa5 50. Nc2 Ra2 51. Rc4 Bc5 52. Kh2 Rb2 53. Kg2 Kxh5 54. Kg3 Rb3+ 55. Kf4 Rf3+ 56. Ke4 Rf1 57. Ne3 Bxe3 58. Kxe3 g3 59. Rc2 Kh4 60. Ke4 Kh3 61. Rc6 Rf6 0-1

[Event "FIDE WY-U16 Olympiad 2022"]
[Site "Nakhchivan"]
[Date "2022.10.08"]
[Round "7.3"]
[White "Ozkan, Taha"]
[Black "Movahed, Sina"]
[Result "1-0"]
[WhiteElo "2299"]
[BlackElo "2325"]
[Annotator "TA"]
[PlyCount "105"]
[EventDate "2022.10.02"]
[EventType "team-tourn"]
[EventCountry "AZE"]
[SourceTitle "playchess.com"]
[Source "ChessBase"]
[SourceQuality "1"]
[WhiteTeam "Turkey"]
[BlackTeam "Iran"]
[WhiteTeamCountry "TUR"]
[BlackTeamCountry "IRI"]

1. d4 Nf6 2. c4 g6 3. Nc3 Bg7 4. e4 d6 5. Nf3 O-O 6. Be2 e5 7. Be3 exd4 8. Nxd4 Re8 9. Qc2 c6 10. O-O Qe7 11. Bf3 Bg4 12. Rad1 Nbd7 13. Bf4 Bxf3 14. Nxf3 Nxe4 15. Rfe1 Bxc3 16. bxc3 Ndc5 17. Rxd6 f5 18. Rdd1 Qf6 19. Re3 Rad8 20. Rde1 Rd7 21. h4 Qd8 22. Bg5 Qc7 23. Nd4 h6 24. Bxh6 Rh7 25. Bg5 Rf8 26. g3 Qf7 27. f3 Nxg5 28. hxg5 Rh3 29. Re7 Qxc4 30. Kg2 Rh7 31. Rxh7 Kxh7 32. Rh1+ Kg7 33. Re1 f4 34. Re5 Kh7 35. g4 Rf7 36. Qf2 Nd7 37. Re2 Qd5 38. Qh4+ Kg8 39. Re8+ Nf8 40. Qf2 c5 41. Nb3 b6 42. Nd2 Qxa2 43. Re2 Qd5 44. Ne4 Nh7 45. Rd2 Qe5 46. Rd8+ Rf8 47. Rd6 Rf7 48. Rxg6+ Rg7 49. Qa2+ Kh8 50. Re6 Qb8 51. Qd5 Nf8 52. Rh6+ Rh7 53. Nf6 1-0

[Event "FIDE WY-U16 Olympiad 2022"]
[Site "Nakhchivan"]
[Date "2022.10.08"]
[Round "7.3"]
[White "Zacarias Rodriguez, Santiago"]
[Black "Hajialiyev, Islam"]
[Result "1/2-1/2"]
[WhiteElo "2123"]
[BlackElo "1731"]
[Annotator "TA"]
[PlyCount "230"]
[EventDate "2022.10.02"]
[EventType "team-tourn"]
[EventCountry "AZE"]
[SourceTitle "playchess.com"]
[Source "ChessBase"]
[SourceQuality "1"]
[WhiteTeam "Mexico"]
[WhiteTeamCountry "MEX"]

1. e4 e6 2. d4 d5 3. Nd2 dxe4 4. Nxe4 Bd7 5. Nf3 Bc6 6. Bd3 Nd7 7. O-O Ngf6 8. Ng3 Be7 9. Qe2 Bxf3 10. Qxf3 c6 11. Re1 O-O 12. c3 Re8 13. Bf4 Nf8 14. Rad1 Ng6 15. Be5 Qd5 16. Qe2 Qxa2 17. f4 Qa5 18. Qf1 Nd7 19. Bc4 Ndxe5 20. fxe5 Bh4 21. Qf3 Re7 22. Kh1 Rd8 23. b4 Qb6 24. Rf1 Bxg3 25. Qxg3 Nf8 26. Ra1 a6 27. h4 Qc7 28. h5 h6 29. Rf6 Kh8 30. Rf4 Nh7 31. Bb3 f5 32. Raf1 Qd7 33. Qh4 Ng5 34. g4 Rf8 35. Bc2 Qd5+ 36. Kh2 Ref7 37. gxf5 exf5 38. Bxf5 Qc4 39. e6 Nxe6 40. Bxe6 Qe2+ 41. Kg1 Rxf4 42. Rxf4 Qe3+ 43. Rf2 Qe1+ 44. Kg2 Rxf2+ 45. Qxf2 Qxe6 46. Qf8+ Kh7 47. Qb8 Qe2+ 48. Kg1 Qe1+ 49. Kg2 Qd2+ 50. Kh1 Qc1+ 51. Kg2 Qg5+ 52. Kf2 Qd2+ 53. Kf1 Qxc3 54. Qxb7 Qc4+ 55. Kg2 Qd5+ 56. Kg3 Qxh5 57. Qxa6 Qg5+ 58. Kf3 Qd5+ 59. Ke3 Qe6+ 60. Kd2 Qd5 61. Qd3+ g6 62. Kc3 Qd7 63. Kc4 Qd5+ 64. Kc3 h5 65. Qe3 Qd7 66. Qe4 Qd6 67. Kc4 Kg7 68. Kc3 Kf6 69. Qh4+ Ke6 70. Qe4+ Kd7 71. Qf3 Kc7 72. Qf2 Kb7 73. Qf7+ Kb6 74. Qf2 Kc7 75. Qf7+ Kc8 76. Qe8+ Kb7 77. Qf7+ Kb6 78. Qf2 Qd5 79. Qf8 Qd7 80. Qb8+ Qb7 81. Qg8 Qc7 82. Qxg6 h4 83. Qh6 Qg3+ 84. Kc4 Qg8+ 85. Kc3 Qd8 86. Qh5 Qe7 87. Qh6 Kb7 88. Kd3 Qe1 89. Qh7+ Kb6 90. Qh8 Qg3+ 91. Kc4 h3 92. Qh6 Qg2 93. b5 Qf1+ 94. Kc3 Kxb5 95. Qg5+ Ka6 96. Qd8 Qc1+ 97. Kb3 Qb1+ 98. Kc3 Qb7 99. Qh8 Qd7 100. Qa8+ Kb6 101. Qb8+ Qb7 102. Qh8 Qa7 103. Kc4 Qf7+ 104. Kc3 Qf3+ 105. Kb4 Kc7 106. Kc4 Kd7 107. Qg7+ Ke6 108. Qg6+ Qf6 109. Qe8+ Kd6 110. Qb8+ Kd7 111. Qb7+ Kd8 112. Qb8+ Ke7 113. Qc7+ Kf8 114. Qc8+ Kf7 115. Qxh3 Qe6+ 1/2-1/2

[Event "FIDE WY-U16 Olympiad 2022"]
[Site "Nakhchivan"]
[Date "2022.10.08"]
[Round "7.4"]
[White "Karimi, Setayesh"]
[Black "Aydin, Gulenay"]
[Result "0-1"]
[WhiteElo "1925"]
[BlackElo "2109"]
[Annotator "TA"]
[PlyCount "108"]
[EventDate "2022.10.02"]
[EventType "team-tourn"]
[EventCountry "AZE"]
[SourceTitle "playchess.com"]
[Source "ChessBase"]
[SourceQuality "1"]
[WhiteTeam "Iran"]
[BlackTeam "Turkey"]
[WhiteTeamCountry "IRI"]
[BlackTeamCountry "TUR"]

1. d4 Nf6 2. c4 g6 3. Nc3 Bg7 4. e4 d6 5. f3 O-O 6. Bg5 Nc6 7. Nge2 a6 8. Qd2 Na5 9. Ng3 c5 10. d5 b5 11. b3 b4 12. Nd1 Nxe4 13. Nxe4 Bxa1 14. Bd3 f5 15. Nef2 Bf6 16. Bh6 Re8 17. O-O e5 18. g4 f4 19. Ne4 Be7 20. Qc2 Ra7 21. Ndf2 Rc7 22. Kg2 Nb7 23. Rh1 Bh4 24. g5 Bxf2 25. Nf6+ Kh8 26. Nxe8 Qxe8 27. Qxf2 Rf7 28. h4 Bf5 29. Qc2 Bxd3 30. Qxd3 Re7 31. Qe4 Nd8 32. Kf2 Nf7 33. h5 Nxh6 34. hxg6 Qxg6 35. Qxg6 hxg6 36. Rxh6+ Kg7 37. Rh2 a5 38. Ke1 Ra7 39. Rb2 Ra8 40. Rh2 a4 41. Rb2 Rh8 42. Kf1 Rh1+ 43. Kg2 a3 44. Re2 Rh5 45. Kf2 Rxg5 46. Re1 Rh5 47. Kg2 Kf6 48. Re2 Kf5 49. Re1 g5 50. Rg1 Rh6 51. Re1 g4 52. fxg4+ Kxg4 53. Rg1 f3+ 54. Kf2+ Kf4 0-1

[Event "FIDE WY-U16 Olympiad 2022"]
[Site "Nakhchivan"]
[Date "2022.10.08"]
[Round "7.4"]
[White "Jafarova, Aysel"]
[Black "Hernandez Diaz, Paula Sofia"]
[Result "1-0"]
[WhiteElo "1534"]
[BlackElo "1759"]
[Annotator "NA RC COMBH"]
[PlyCount "119"]
[EventDate "2022.10.02"]
[EventType "team-tourn"]
[EventCountry "AZE"]
[SourceTitle "playchess.com"]
[Source "ChessBase"]
[SourceQuality "1"]
[BlackTeam "Mexico"]
[BlackTeamCountry "MEX"]

1. d4 d5 2. c4 e6 3. Nf3 a6 4. cxd5 exd5 5. Nc3 Nf6 6. Bg5 c6 7. Qc2 Be7 8. e3 Be6 9. Bd3 Nbd7 10. O-O h6 11. Bh4 Qc7 12. Rab1 Bd6 13. Bg3 Bxg3 14. hxg3 O-O 15. b4 Rac8 16. Na4 b5 17. Nc5 Nxc5 18. Qxc5 Ne4 19. Qc2 Nd6 20. Nd2 Nc4 21. Qc3 Ra8 22. Nb3 Qc8 23. Nc5 Bf5 24. Rfc1 Bxd3 25. Qxd3 a5 26. a3 axb4 27. axb4 Ra2 28. Rc2 Ra3 29. Rc3 Ra2 30. Rc2 Rxc2 31. Qxc2 Na3 32. Qb3 Nxb1 33. Qxb1 Qa8 34. Nd7 Rd8 35. Ne5 Rd6 36. Qf5 Rf6 37. Qd7 Qa1+ 38. Kh2 h5 39. Qe8+ Kh7 40. Nxf7 Qa7 41. Qh8+ Kg6 42. Ne5+ Kf5 43. Qxh5+ Ke6 44. Qe8+ Kd6 45. Qd8+ Ke6 46. g4 g5 47. Qc8+ Kd6 48. Qxc6+ Ke7 49. Qxd5 Qc7 50. Qxb5 Ke6 51. Kg3 Rf8 52. Qc5 Qxc5 53. bxc5 Kd5 54. Nd7 Rf7 55. Nb6+ Kc6 56. f4 gxf4+ 57. exf4 Re7 58. Kf3 Ra7 59. Ke4 Ra2 60. g5 1-0

[Event "FIDE WY-U16 Olympiad 2022"]
[Site "Nakhchivan"]
[Date "2022.10.08"]
[Round "7.5"]
[White "Pranav Vijay"]
[Black "Madaminov, Mukhiddin"]
[Result "1-0"]
[WhiteElo "2265"]
[BlackElo "2441"]
[Annotator "TA"]
[PlyCount "129"]
[EventDate "2022.10.02"]
[EventType "team-tourn"]
[EventCountry "AZE"]
[SourceTitle "playchess.com"]
[Source "ChessBase"]
[SourceQuality "1"]
[WhiteTeam "India"]
[BlackTeam "Uzbekistan"]
[WhiteTeamCountry "IND"]
[BlackTeamCountry "UZB"]

1. e4 e5 2. Nf3 Nc6 3. Bb5 a6 4. Ba4 Nf6 5. O-O Nxe4 6. d4 b5 7. Bb3 d5 8. dxe5 Be6 9. c3 Be7 10. Bc2 O-O 11. Qe2 Bg4 12. h3 Bxf3 13. gxf3 Nc5 14. Rd1 d4 15. f4 Qd7 16. Qf3 b4 17. Nd2 f6 18. e6 Qe8 19. Nb3 d3 20. Bxd3 Nxd3 21. Rxd3 f5 22. Rd7 Qg6+ 23. Kh2 Qxe6 24. Rxc7 Rac8 25. Rxc8 Rxc8 26. Bd2 a5 27. Re1 Qd7 28. Be3 bxc3 29. bxc3 Bf6 30. a4 Ne7 31. Bd4 Qd5 32. Qg3 Qxb3 33. Bxf6 Ng6 34. Bd4 Qxa4 35. Re7 Qxd4 36. cxd4 Nxe7 37. Qb3+ Kf8 38. d5 Ng8 39. Qb7 Re8 40. d6 Nh6 41. Qc7 Nf7 42. d7 Rd8 43. Qc5+ Kg8 44. Qxf5 g6 45. Qe6 a4 46. h4 a3 47. h5 Kg7 48. f5 gxf5 49. Qxf5 a2 50. h6+ Kg8 51. Qg4+ Kf8 52. Qb4+ Kg8 53. Qe7 Rf8 54. Qf6 a1=Q 55. Qxa1 Nxh6 56. Qg1+ Kh8 57. Qg5 Nf7 58. Qe7 Kg8 59. f4 Kg7 60. f5 Rb8 61. Kg3 Rg8 62. Kh4 Rd8 63. Kh5 Kg8 64. f6 Rf8 65. Kh4 1-0

[Event "FIDE WY-U16 Olympiad 2022"]
[Site "Nakhchivan"]
[Date "2022.10.08"]
[Round "7.5"]
[White "Jannatul, Ferdousi"]
[Black "Springis, Jevgenijs"]
[Result "1-0"]
[WhiteElo "1624"]
[BlackElo "2057"]
[Annotator "TA"]
[PlyCount "88"]
[EventDate "2022.10.02"]
[EventType "team-tourn"]
[EventCountry "AZE"]
[SourceTitle "playchess.com"]
[Source "ChessBase"]
[SourceQuality "1"]
[WhiteTeam "Bangladesh"]
[BlackTeam "Latvia"]
[WhiteTeamCountry "BAN"]
[BlackTeamCountry "LAT"]

1. d4 Nf6 2. Bf4 g6 3. e3 Bg7 4. Nf3 O-O 5. c4 d6 6. Nc3 Nbd7 7. Be2 h6 8. h3 c6 9. Qd2 g5 10. Bh2 Nb6 11. O-O d5 12. c5 Ne4 13. Nxe4 dxe4 14. Nxg5 hxg5 15. cxb6 Qxb6 16. Rac1 Rd8 17. Qc2 e6 18. b3 f5 19. Bc4 Qa5 20. Be2 Bd7 21. f3 exf3 22. Rxf3 Qb4 23. Bd3 Qe7 24. Rg3 Rf8 25. Qe2 e5 26. Qh5 exd4 27. exd4 Bxd4+ 28. Kh1 Bf6 29. h4 Be8 30. Bc4+ Kg7 31. Qf3 Bg6 32. hxg5 Be5 33. Qe2 Qc7 34. Re3 Rh8 35. Rxe5 Rae8 36. Re1 Rxh2+ 37. Kxh2 b5 38. Bd3 Qd6 39. Kg1 Rd8 40. Re7+ Kf8 41. Bb1 Qd4+ 42. Qe3 Qg4 43. Qe5 Qd4+ 44. Qxd4 Rxd4 1-0

[Event "FIDE WY-U16 Olympiad 2022"]
[Site "Nakhchivan"]
[Date "2022.10.08"]
[Round "7.6"]
[White "Begmuratov, Khumoyun"]
[Black "Pranesh M"]
[Result "1-0"]
[WhiteElo "2367"]
[BlackElo "2442"]
[Annotator "TA"]
[PlyCount "99"]
[EventDate "2022.10.02"]
[EventType "team-tourn"]
[EventCountry "AZE"]
[SourceTitle "playchess.com"]
[Source "ChessBase"]
[SourceQuality "1"]
[WhiteTeam "Uzbekistan"]
[BlackTeam "India"]
[WhiteTeamCountry "UZB"]
[BlackTeamCountry "IND"]

1. e4 c5 2. Nc3 d6 3. Bb5+ Nd7 4. d4 cxd4 5. Qxd4 a6 6. Bxd7+ Bxd7 7. Nf3 e5 8. Qd3 h6 9. Nd2 Rc8 10. Nc4 Be6 11. Ne3 Nf6 12. a4 Be7 13. O-O Qc7 14. Bd2 O-O 15. Rfd1 Rfe8 16. b3 Qc5 17. Be1 Kh8 18. Qe2 Bd8 19. b4 Qc6 20. b5 Qc5 21. bxa6 bxa6 22. Qxa6 Ba5 23. Rd3 Ng4 24. Nxg4 Bc4 25. Nb5 Bxd3 26. cxd3 Bb6 27. Qb7 Kg8 28. Ne3 Rb8 29. Qd5 Red8 30. Qxc5 Bxc5 31. Nd5 Rb7 32. Rc1 Ra8 33. Rc4 f6 34. Ndc7 Rab8 35. Kf1 Bb6 36. Nd5 Bc5 37. Bb4 Bxb4 38. Rxb4 Ra8 39. Rc4 Ra6 40. Ke2 Kh7 41. Kd2 Rf7 42. Ndc7 Rb6 43. a5 Rb8 44. a6 f5 45. a7 Rd8 46. f3 fxe4 47. dxe4 d5 48. exd5 e4 49. Rxe4 Rfd7 50. d6 1-0

[Event "FIDE WY-U16 Olympiad 2022"]
[Site "Nakhchivan"]
[Date "2022.10.08"]
[Round "7.6"]
[White "Adamovics, Aleksejs"]
[Black "Manon, Reja Neer"]
[Result "0-1"]
[WhiteElo "2051"]
[BlackElo "2107"]
[Annotator "TA"]
[PlyCount "70"]
[EventDate "2022.10.02"]
[EventType "team-tourn"]
[EventCountry "AZE"]
[SourceTitle "playchess.com"]
[Source "ChessBase"]
[SourceQuality "1"]
[WhiteTeam "Latvia"]
[BlackTeam "Bangladesh"]
[WhiteTeamCountry "LAT"]
[BlackTeamCountry "BAN"]

1. d4 Nf6 2. c4 g6 3. Nc3 Bg7 4. e4 d6 5. f3 O-O 6. Be3 e5 7. Nge2 exd4 8. Nxd4 Nc6 9. Be2 h5 10. Qd2 Nxd4 11. Bxd4 Be6 12. O-O Re8 13. Rac1 a5 14. b3 Nd7 15. f4 Bg4 16. Bxg4 hxg4 17. Bxg7 Kxg7 18. Qd4+ Nf6 19. Rce1 c6 20. Rd1 Qe7 21. Rfe1 Rad8 22. Qb6 Nd7 23. Qxa5 Qf6 24. e5 Qxf4 25. exd6 Rxe1+ 26. Rxe1 b6 27. Qb4 c5 28. Qb5 Qd4+ 29. Kh1 Qxc3 30. Rf1 Qd3 31. Re1 Qxd6 32. Qa6 Rh8 33. g3 Qxg3 34. Re2 Qf3+ 35. Rg2 Re8 0-1

[Event "FIDE WY-U16 Olympiad 2022"]
[Site "Nakhchivan"]
[Date "2022.10.08"]
[Round "7.7"]
[White "Sakline Mostafa, Sajid"]
[Black "Zajakins, Artjoms"]
[Result "1/2-1/2"]
[WhiteElo "2001"]
[BlackElo "1810"]
[Annotator "TA"]
[PlyCount "90"]
[EventDate "2022.10.02"]
[EventType "team-tourn"]
[EventCountry "AZE"]
[SourceTitle "playchess.com"]
[Source "ChessBase"]
[SourceQuality "1"]
[WhiteTeam "Bangladesh"]
[WhiteTeamCountry "BAN"]

1. d4 Nf6 2. c4 g6 3. Nf3 Bg7 4. g3 O-O 5. Bg2 c6 6. O-O d5 7. Nbd2 h6 8. Re1 Be6 9. b3 Ne4 10. Bb2 Nxd2 11. Nxd2 Qb6 12. cxd5 cxd5 13. e3 Nc6 14. Nb1 Rfd8 15. Nc3 f5 16. Rc1 Bf7 17. Na4 Qa5 18. a3 Rdc8 19. b4 Qd8 20. Qb3 e6 21. Nc5 Qe7 22. Rc2 Kh7 23. Nd3 Be8 24. Rec1 Bd7 25. Bf1 Rd8 26. Bc3 Rdc8 27. b5 Nd8 28. Nc5 b6 29. Nxd7 Qxd7 30. Bb4 Kg8 31. a4 Bf8 32. Bxf8 Kxf8 33. Rc3 Nb7 34. Qb4+ Kf7 35. Bd3 Rab8 36. Kg2 Rxc3 37. Qxc3 Nd6 38. Qc6 Ke7 39. Qxd7+ Kxd7 40. Kf3 g5 41. h3 Rc8 42. Rxc8 Nxc8 43. g4 Nd6 44. Ke2 Ke7 45. f3 Kf6 1/2-1/2

[Event "FIDE WY-U16 Olympiad 2022"]
[Site "Nakhchivan"]
[Date "2022.10.08"]
[Round "7.7"]
[White "Mrittika, Mallick"]
[Black "Suyarov, Mukhammadzokhid"]
[Result "0-1"]
[WhiteElo "1879"]
[BlackElo "2287"]
[Annotator "TA"]
[PlyCount "98"]
[EventDate "2022.10.02"]
[EventType "team-tourn"]
[EventCountry "AZE"]
[SourceTitle "playchess.com"]
[Source "ChessBase"]
[SourceQuality "1"]
[BlackTeam "Uzbekistan"]
[BlackTeamCountry "UZB"]

1. e4 e6 2. d4 d5 3. Nd2 c5 4. Ngf3 cxd4 5. exd5 Qxd5 6. Bc4 Qd7 7. O-O Nc6 8. Nb3 Nf6 9. Nbxd4 Nxd4 10. Nxd4 a6 11. a4 Bd6 12. Re1 Qc7 13. Nf3 Bxh2+ 14. Nxh2 Qxc4 15. b3 Qc3 16. Ba3 Bd7 17. Re3 Qa5 18. Rd3 Bc6 19. Ng4 Qg5 20. Ne3 Nh5 21. Rd4 Nf4 22. Rxf4 Qxf4 23. Nc4 Rd8 24. Nd6+ Rxd6 25. Bxd6 Qg5 26. Qf1 f6 27. Rd1 h5 28. f3 Kf7 29. Bc7 h4 30. Qe2 h3 31. g4 Qc5+ 32. Kh2 Qc3 33. Qd3 Qc5 34. Bg3 b5 35. axb5 axb5 36. c3 Qd5 37. Qxd5 Bxd5 38. Rd4 Bxf3 39. c4 bxc4 40. bxc4 Rc8 41. g5 fxg5 42. Rd7+ Kf6 43. Rc7 Ra8 44. Be1 Ra2+ 45. Kxh3 g4+ 46. Kg3 Rg2+ 47. Kf4 e5+ 48. Ke3 Re2+ 49. Kd3 Rxe1 0-1

[Event "FIDE WY-U16 Olympiad 2022"]
[Site "Nakhchivan"]
[Date "2022.10.08"]
[Round "7.8"]
[White "Omonova, Umida"]
[Black "Harshad S"]
[Result "1/2-1/2"]
[WhiteElo "2078"]
[BlackElo "2228"]
[Annotator "TA"]
[PlyCount "109"]
[EventDate "2022.10.02"]
[EventType "team-tourn"]
[EventCountry "AZE"]
[SourceTitle "playchess.com"]
[Source "ChessBase"]
[SourceQuality "1"]
[WhiteTeam "Uzbekistan"]
[BlackTeam "India"]
[WhiteTeamCountry "UZB"]
[BlackTeamCountry "IND"]

1. e4 c5 2. Nf3 d6 3. Bb5+ Bd7 4. Bxd7+ Nxd7 5. O-O Ngf6 6. d3 g6 7. Nc3 Bg7 8. Bg5 h6 9. Bd2 O-O 10. Ne1 e5 11. f4 exf4 12. Bxf4 Nb6 13. Qf3 Kh7 14. Nb5 Ne8 15. Qg3 d5 16. Be5 f6 17. Bc3 Qd7 18. Na3 Nd6 19. Rd1 d4 20. Bd2 f5 21. Bf4 Nxe4 22. dxe4 fxe4 23. c3 Nd5 24. Nec2 e3 25. Bxe3 Rxf1+ 26. Rxf1 dxe3 27. Nxe3 Nxe3 28. Qxe3 b6 29. Re1 Rf8 30. Qe2 Qf7 31. Nc4 Rd8 32. Qe7 Rd7 33. Qxf7 Rxf7 34. g3 b5 35. Nd6 Rd7 36. Re6 Bf8 37. Nxb5 Rd2 38. Ra6 Rxb2 39. Rxa7+ Kg8 40. a4 Ra2 41. a5 c4 42. Ra8 Kg7 43. a6 Bc5+ 44. Kf1 Kf6 45. Rc8 Be3 46. a7 Bxa7 47. Ra8 Rf2+ 48. Ke1 Bc5 49. Rc8 Rf5 50. Nd4 Rd5 51. Rc6+ Kf7 52. Rc7+ Kf6 53. Rc6+ Kf7 54. Rc7+ Kf6 55. Rc6+ 1/2-1/2